| 000 | 01017nam a22003257a 4500 | ||
|---|---|---|---|
| 003 | CHAP | ||
| 005 | 20220817041602.0 | ||
| 008 | 971013s1976 r 00010 d | ||
| 010 | _a18799 | ||
| 011 | _a19771 | ||
| 035 | _a23856 | ||
| 040 | _cCHAP | ||
| 082 |
_a080 _bS4 v.305 |
||
| 100 | 0 | 0 |
_aAlvarado, Salvador. _94853 |
| 245 | _aAntología ideológica | ||
| 260 |
_aMéxico, D.F., : _bSecretaría de Educación Pública, _c1976 |
||
| 300 | _a154 p | ||
| 490 |
_aSEP. Setentas _v; 305 |
||
| 590 |
_aBATCH-UPD _b10 _c20130110 _lUCH01 _h1132 |
||
| 590 |
_aBATCH-UPD _b10 _c20130410 _lUCH01 _h0720 |
||
| 590 |
_aBATCH-UPD _b10 _c20130914 _lUCH01 _h1823 |
||
| 590 |
_aCONVERSION _b10 _c20130109 _lUCH01 _h1311 |
||
| 650 | 1 | 4 |
_aMéxico _xCondiciones económicas. |
| 650 | 1 | 4 |
_aMéxico _xCondiciones sociales. _976730 |
| 650 | 1 | 4 |
_aMéxico _xHistoria _xRevolución. _976768 |
| 830 | 0 |
_aSEP. Setentas _v; 305 |
|
| 901 | _aBK | ||
| 942 | _cLIBRO | ||
| 949 |
_a080 S4 v.305 _bBC _cLIBRO _d33724002020728 _eLIBRO _h43093 _i23856 _si |
||
| 999 |
_c18799 _d18799 |
||